000 00822nam a2200241Ia 4500
003 OSt
005 20220923223945.0
006 a|||||r|||| 00| 0
007 ta
008 220922b |||||||| |||| 00| 0 urd d
024 _a223,625
037 _cTextual
040 _aARTS
_cARTS
_burd
041 _2urd
_aurd
082 _aO168,3x, 152P4
100 _aशरत्, सत्येन्द्र, संपा.
245 0 _aउर्दू की श्रेष्ठ कहानियॉं
246 _aUrdū kī shreṣhṭha kahāniyaॉan
260 _aदिल्ली
_b कविता बुक सेंटर
_c2004
300 _a151पृ0
_ccm.
942 _hO168,3x, 152P4
_cTEXL
_2CC
999 _c368410
_d368410